| 000 | 00000nam##2200000za#4500 |
| 001 | 9.565299 |
| 003 | CaOODSP |
| 005 | 20210624175734 |
| 007 | cr ||||||||||| |
| 008 | 150406|2002||||xxc|||||o f|0| 0 eng|d |
| 040 | |aCaOODSP|beng |
| 043 | |an-cn--- |
| 086 | 1 |aTU3-5/00-43E-PDF |
| 110 | 2 |aTransportation Safety Board of Canada. |
| 245 | 10|aHazardous situation - ATC irregularity, Nav Canada Vancouver Area Control Centre, Vancouver, British Columbia, 08 October 2000 |h[electronic resource] |
| 260 | |aGatineau - Quebec : |bTransportation Safety Board of Canada |c6 February 2002. |
| 300 | |a9p. |
| 490 | 1 |aAviation investigation report |vA00P0199 |
| 590 | |a09-03-Supp|b2009-04-17 |
| 775 | 08|tSituation dangereuse - irrégularité d'exploitation du service ATC, Nav Canada, Centre de contrôle régional de Vancouver, Vancouver (Colombie-Britannique), 8 octobre 2000 |w(CaOODSP)9.596884 |
| 830 | #0|aAviation investigation report ;|vA00P0199|w(CaOODSP)9.504825 |
| 856 | 40|ahttp://publications.gc.ca|qPDF|s78 KB|uhttps://publications.gc.ca/collections/collection_2008/tsb-bst/TU3-5-00-43E.pdf|yA00P0199 |